MARC

LEADER 00000nam0a2200000 4500
001 270584
005 20231101234347.0
035 |a (RuTPU)RU\TPU\book\293765 
090 |a 270584 
100 |a 20140930d1987 k y0rusy50 ca 
101 0 |a rus 
102 |a RU 
105 |a a z 001zy 
200 1 |a Структура и геодинамика Хоккайдо-Сахалинской складчатой области  |f О. А. Мельников  |g Академия наук СССР (АН СССР), Дальневосточное отделение (ДВО), Институт морской геологии и геофизики (ИМГиГ) ; под ред. В. А. Соловьева 
210 |a Москва  |c Наука  |d 1987 
215 |a 96 с.  |c ил. 
320 |a Библиогр.: с. 92-94 
606 1 |a Складчатые области  |2 stltpush  |3 (RuTPU)RU\TPU\subj\55034  |9 73106 
610 1 |a структура 
610 1 |a геодинамика 
610 1 |a Хоккайдо-Сахалинская складчатая область 
610 1 |a история 
610 1 |a основные этапы 
610 1 |a современная структура 
610 1 |a формирование 
610 1 |a сейсмичность 
610 1 |a земная кора 
675 |a 551.242.31  |v 3 
700 1 |a Мельников  |b О. А. 
702 1 |a Соловьев  |b В. А.  |4 340 
712 0 2 |a Академия наук СССР (АН СССР)  |b Дальневосточное отделение (ДВО)  |b Институт морской геологии и геофизики (ИМГиГ)  |c (Южно-Сахалинск)  |c (1987-1991)  |2 stltpush  |3 (RuTPU)RU\TPU\col\20771 
801 1 |a RU  |b 63413507  |c 20140930 
801 2 |a RU  |b 63413507  |c 20161205  |g RCR 
942 |c BK